|
|
|
|
| LEADER |
00000nab a2200000 a 4500 |
| 001 |
vtls000524058 |
| 003 |
SK-MaSNL |
| 005 |
20260304040955.0 |
| 008 |
120928c1994 xo 0 cze |
| 015 |
|
|
|a SNBRB19rr/mm-uuuuu
|
| 035 |
|
|
|a CL0524196
|
| 040 |
|
|
|a SNKBUCL
|b slo
|c SNKBUCL
|e AACR2
|
| 041 |
0 |
|
|a cze
|
| 044 |
|
|
|a xo
|c SK
|
| 080 |
|
|
|a 632.951:634:634.8:632.78
|2 1981
|
| 080 |
|
|
|a 634
|2 1981
|
| 080 |
|
|
|a 634.8
|2 1981
|
| 080 |
|
|
|a 632.78
|2 1981
|
| 100 |
1 |
|
|a Kratochvíl, Pavel
|4 aut
|9 435586
|
| 245 |
1 |
0 |
|a Insegar - novinka v ochraně proti obalečům v ovocných sadech a révě vinné
|c Pavel Kratochvíl
|
| 300 |
|
|
|b Obr. 3
|
| 650 |
0 |
7 |
|a ovocinárstvo
|2 snkbucl
|9 16370
|
| 650 |
0 |
7 |
|a vinohradníctvo
|2 snkbucl
|9 1657
|
| 650 |
0 |
7 |
|a obaľovače
|2 snkbucl
|9 14844
|
| 650 |
0 |
7 |
|a insekticídy
|2 snkbucl
|9 13982
|
| 650 |
0 |
7 |
|a Insegar (insekticíd)
|2 snkbucl
|9 1322488
|
| 655 |
|
7 |
|a články z novín a časopisov
|2 snkbucl
|9 267496
|
| 773 |
0 |
|
|t Záhradníctvo
|g Roč. 19, č. 6 (1994), s. 208-209
|x 0139-9470
|
| 850 |
|
|
|a Slovenská národná knižnica v Martine
|a MTA001
|
| 852 |
|
|
|a SNK
|b KIS3GCP
|
| 958 |
|
|
|a RK
|
| 992 |
|
|
|a RBX
|
| 999 |
|
|
|c 2665877
|d 2667807
|